Music Quiz

Random Music or Lyrics Quiz

Flapper Girl Lyrics (Lumineers) Quiz Stats

 Plays Quiz not verified by Sporcle

Challenge
Share
Tweet
Embed
Score 0/227 Timer 10:00
0 Plays Today
Hint Answer % Correct
you
98.7%
you
98.7%
A
98.7%
A
98.7%
you
98.7%
you
98.7%
you
98.7%
you
98.7%
you
98.7%
a
98.7%
you
98.7%
a
98.7%
you
98.7%
you
98.7%
you
98.7%
you
98.7%
you
98.7%
a
98.7%
you
98.7%
you
98.7%
a
98.7%
you
98.7%
you
98.7%
you
98.7%
a
98.7%
you
98.7%
Flapper
96.1%
girl
96.1%
flapper
96.1%
girl
96.1%
flapper
96.1%
girl
96.1%
your
94.8%
and
94.8%
your
94.8%
And
94.8%
your
94.8%
and
94.8%
And
94.8%
your
94.8%
And
94.8%
and
94.8%
of
93.5%
I
93.5%
I
93.5%
I
93.5%
of
93.5%
of
93.5%
of
93.5%
I
93.5%
I
93.5%
I
93.5%
I
93.5%
I
93.5%
all
92.2%
all
92.2%
all
92.2%
in
90.9%
in
90.9%
to
90.9%
in
90.9%
to
90.9%
to
90.9%
friends
88.3%
friends
88.3%
hair
87%
At
87%
hair
87%
never
87%
again
87%
at
87%
Hair
87%
never
87%
again
87%
at
87%
at
87%
Hint Answer % Correct
go
85.7%
Cut
84.4%
off
84.4%
he
84.4%
he
84.4%
cut
84.4%
I'll
84.4%
I'll
84.4%
Did
83.1%
did
83.1%
Did
83.1%
did
83.1%
can
83.1%
leave
83.1%
you're
83.1%
can
83.1%
leave
83.1%
you're
83.1%
you're
83.1%
leave
83.1%
when
81.8%
care
80.5%
new
80.5%
lines
80.5%
Cadillac
80.5%
Cadillac
80.5%
back
80.5%
Cadillac
80.5%
Would
80.5%
would
80.5%
back
80.5%
my
80.5%
home
80.5%
Would
80.5%
would
80.5%
back
80.5%
my
80.5%
home
80.5%
my
80.5%
home
80.5%
Would
80.5%
would
80.5%
back
80.5%
my
80.5%
home
80.5%
back
80.5%
Power
79.2%
hanging
79.2%
loose
79.2%
call
79.2%
baby
79.2%
wrote
79.2%
song
79.2%
curls
79.2%
call
79.2%
baby
79.2%
wrote
79.2%
song
79.2%
call
79.2%
baby
79.2%
wrote
79.2%
song
79.2%
stop
77.9%
stare
77.9%
boy
77.9%
for
77.9%
flinch
76.6%
look
76.6%
brand
76.6%
Local
76.6%
local
76.6%
local
76.6%
dressed
76.6%
get
76.6%
news
75.3%
shoes
75.3%
Hint Answer % Correct
slacks
75.3%
I'm
75.3%
wave
75.3%
need
75.3%
wave
75.3%
need
75.3%
need
75.3%
us
74%
big
74%
write
74%
if
74%
but
74%
still
74%
lady
74%
Romeo
74%
Juliet
74%
Juliet
74%
prohibition
74%
write
74%
if
74%
but
74%
still
74%
lady
74%
If
74%
write
74%
if
74%
but
74%
still
74%
lady
74%
me
74%
me
74%
boy's
72.7%
buy
72.7%
one
72.7%
gone
72.7%
gone
72.7%
gone
72.7%
Businessmen
71.4%
been
71.4%
pearls
71.4%
been
71.4%
been
71.4%
I've
70.1%
I've
70.1%
I've
70.1%
with
68.8%
come
67.5%
come
67.5%
gonna
66.2%
neck
66.2%
Firemen
64.9%
It's
64.9%
gold
64.9%
It's
64.9%
trucks
63.6%
their
61%
cigarette
61%
alone
61%
got
59.7%
door
58.4%
boots
57.1%
Making
57.1%
ain't
57.1%
ain't
57.1%
lovers
57.1%
lovers
57.1%
lovers
57.1%
anymore
55.8%
She'll
55.8%
Silhouette
54.5%
behind
54.5%
Balcony
51.9%
her
50.6%
Then
50.6%
O's
42.9%

You're not logged in!

Compare scores with friends on all Sporcle quizzes.
OR
Log In

You Might Also Like...

Show Comments

Extras

Top Quizzes Today


Score Distribution

Your Account Isn't Verified!

In order to create a playlist on Sporcle, you need to verify the email address you used during registration. Go to your Sporcle Settings to finish the process.

Report this User

Report this user for behavior that violates our Community Guidelines.

Details: